000 00282nam a22001217a 4500
008 181129b xxu||||| |||| 00| 0 eng d
041 _aeng
080 _a043.3
100 _a0
101 _aBTH-INI
245 _aMbajtesit Kapriat dhe aplikimi i tyre
_cJashari, D
942 _2udc
_cBK
999 _c52642
_d52642